Ecology, distribution, harvest and conservation of the amazonian Manatee Trichechus inunguis in Ecuador (Registro nro. 9538)

Detalles MARC
000 -CABECERA
Campo de control 006670000a22002050004500
090 ## - CLASIFICACIÓN LOCAL
Colección AR
Consecutivo 00442
041 0# - IDIOMA
Código de idioma para texto/pista de sonido o título separado
100 1# - ASIENTO PRINCIPAL--NOMBRE PERSONAL
Nombre personal Timm, Robert M.
245 10 - MENCION DE TITULO
Título Ecology, distribution, harvest and conservation of the amazonian Manatee Trichechus inunguis in Ecuador
650 14 - ASIENTO SECUNDARIO DE MATERIA - TERMINO TEMATICO
Término temático o nombre geográfico como elemento de entrada Mamíferos acuáticos
650 14 - ASIENTO SECUNDARIO DE MATERIA - TERMINO TEMATICO
Término temático o nombre geográfico como elemento de entrada Distribución geográfica
650 14 - ASIENTO SECUNDARIO DE MATERIA - TERMINO TEMATICO
Término temático o nombre geográfico como elemento de entrada Uso de fauna
650 14 - ASIENTO SECUNDARIO DE MATERIA - TERMINO TEMATICO
Término temático o nombre geográfico como elemento de entrada Indígenas
651 #4 - ASIENTO SECUNDARIO DE MATERIA - NOMBRE GEOGRAFICO
-- Ecuador
653 ## - TERMINO DE INDIZACION - NO CONTROLADO
-- Trichechus
-- Trichechus inunguis
700 1# - ASIENTO SECUNDARIO - NOMBRE PERSONAL
Nombre personal Albuja Viteri, Luis
700 1# - ASIENTO SECUNDARIO - NOMBRE PERSONAL
Nombre personal Clauson, Barbara L.
773 1# - Item fuente:
Título Biotropica
Especificación de materiales 9
Descripción física 2
Paginas del Articulo 150-156
Lugar, editorial y fecha de publicación 1986
Información sobre la relación 18
942 ## - ELEMENTOS ADICIONALES (KOHA)
Tipo de ítem Artículo
Existencias
Withdrawn status Lost status Damaged status No para préstamo Colección Ubicación Permanente Ubicación actual Fecha de adquisición Datos de publicación Seriada Total Checkouts Número topográfico Inventario / Código de Barras Date last seen Ejemplar Price effective from Forma de adquisición Tipo de material
      No para Préstamo Hemeroteca Bogotá Bogotá 27/02/2015 Fuera de circulación   AR 00442 010723 25/03/2015 1 25/03/2015   Artículo
      No para Préstamo Hemeroteca Bogotá Bogotá 27/02/2015 Fuera de circulación   AR 00442 010724 25/03/2015 2 25/03/2015   Artículo